000 00826nam a22001935i 4500
001 161342
003 ES-MaACL
005 20230906212250.0
008 990309s1878 it |||| | ita d
100 1 _aPaoli, Cesare.
_988844
245 1 0 _aDel papiro specialmente considerado como materia che ha servido alla scrittura /
_cmemoria del Cesare Paoli.
260 _aFirenze :
_b[s.n.],
_c1878 (
_fSuccessori Le Monnier)
300 _a84 p. ;
_c27 cm.
490 1 _aPubblicazioni del R. Istituto di Studi superiori pratici e di perfeziomaneto in Firenze. Sezione di Filosofia e Filologia
650 _aPapiros.
_9136652
830 1 _aPubblicazioni del R. Istituto di Studi superiori pratici e di perfeziomaneto in Firenze. Sezione di Filosofia e Filologia
_9222106
852 _aES-MaACL
_j1660-F-15
999 _c161342
_d161342